000 00951pam a2200289 i 4500
001 39981
003 BD-RjUL
005 20211209053118.0
008 761222r19961977njua b 001 0 eng
020 _a0131654233
020 _a8120303369
_c: Rs 195.00
035 _a(BD-RjUL)40095
040 _aDLC
_cDLC
_dMYG
_dBD-RjUL
_beng
041 _aeng
082 _223
_a005.74
_bMAC 1996
100 1 _aMartin, James,
_d1933-2013.
_9123142
245 1 0 _aComputer data-base organization /
_cJames Martin.
250 _a2nd ed.
260 _aEnglewood Cliffs, N.J. ;
_aNew Delhi :
_bPrentice-Hall,
_cc1977 [Reprinted 1996].
300 _axviii, 713 p. :
_bill. ;
_c25 cm.
490 1 _aPrentice-Hall series in automatic computation
504 _aIncludes bibliographical references and index.
650 0 _aDatabase management.
_9117949
830 0 _aPrentice-Hall series in automatic computation.
_9123149
942 _2ddc
_cBK
999 _c39981
_d39981